| Tag |
First Indicator |
Second Indicator |
Subfields |
| LEADER |
00000cam a2200000 i 4500 |
| 001 |
in00000066188 |
| 005 |
20151008051842.0 |
| 008 |
741030r19741972oru bb 00010 eng d |
| 035 |
|
|
|a (OCoLC)01061976
|
| 035 |
|
|
|9 AAH0356AM
|
| 040 |
|
|
|c MIA
|d TXA
|d UtOrBLW
|
| 049 |
|
|
|a TXAI
|
| 099 |
|
|
|a fiche
|a C
|a 1429
|
| 100 |
1 |
|
|a Chadwick, Ida F.,
|d 1939-
|
| 245 |
1 |
2 |
|a A comparison of the personality traits and kinesthetic augmentation and reduction of college female athletes and non-athletes /
|c by Ida F. Chadwick.
|
| 264 |
|
1 |
|a Tallahassee, Fla. :
|b Chadwick,
|c 1972.
|
| 300 |
|
|
|a 179 leaves ;
|c 29 cm.
|
| 336 |
|
|
|a text
|b txt
|2 rdacontent
|
| 337 |
|
|
|a microform
|b h
|2 rdamedia
|
| 338 |
|
|
|a microfiche
|b he
|2 rdacarrier
|
| 500 |
|
|
|a Vita.
|
| 500 |
|
|
|a Microfiche (negative) of typescript. Eugene : Microform Publications, College of Health, Physical Education and Recreation, University of Oregon, 1974. -- 2 sheets ; 10.5 x 14.8 cm.
|
| 502 |
|
|
|c Florida State University.
|
| 504 |
|
|
|a Bibliography: leaves 172-178.
|
| 500 |
|
|
|a Microform.
|
| 650 |
|
0 |
|a Personality assessment.
|
| 650 |
|
0 |
|a Perception.
|
| 650 |
|
0 |
|a Women athletes.
|
| 999 |
|
|
|a MARS
|
| 999 |
f |
f |
|s 9747c141-2adc-3d7c-91f5-96c158f4d7b0
|i 3d0ee2a1-aa42-341d-8679-496890b79736
|t 0
|
| 952 |
f |
f |
|p normal
|a Texas A&M University
|b College Station
|c Sterling C. Evans Library
|d Evans: Microforms (3rd floor)
|t 0
|e fiche C 1429
|h Other scheme
|i microform -- microfiche
|m A14820663451
|
| 998 |
f |
f |
|a fiche C 1429
|t 0
|l Evans: Microforms (3rd floor)
|